| 000 | 01224nam a2200265Ia 4500 | ||
|---|---|---|---|
| 003 | OSt | ||
| 005 | 20221214083655.0 | ||
| 008 | 210310s1993 mx gr 001 0 spa d | ||
| 020 | _a9688801569 | ||
| 040 |
_aCO-JMCR _cCO-JMCR |
||
| 041 | 1 |
_aspa _heng |
|
| 082 | 0 | 4 |
_223 _a658.8 / _bK874m |
| 100 |
_aKotler, Phillip, _935873 _eautor |
||
| 245 | 1 | 0 |
_aMercadotecnia / _cPhilip Kotler ; traducción, José Manuel Salazar ; revisión técnica, Clotilde Hernández Garnica |
| 250 | _aTercera edición | ||
| 260 |
_aMéxico : _bPrentice-Hall Hispanoamericana, _c1993 |
||
| 300 |
_axxii, 745 páginas ; _c25 cm |
||
| 500 | _aIncluye índice de autores y analítico | ||
| 500 | _aTraducido de la tercera edición en inglés de: Principles of marketing | ||
| 505 | 0 | _aComprensión de la mercadotecnia -- Organización del proceso de planeación de mercadotecnia -- Análisis de oportunidades de mercado -- Selección de mercados meta -- Desarrollo de la mezcla de mercadotecnia -- Administración del esfuerzo de mercadotecnia -- Mercadotecnia ampliada | |
| 650 | 1 | 4 |
_aMarketing _935875 |
| 700 | 1 |
_aSalazar, José Manuel, _etraductor _942547 |
|
| 700 | 1 |
_aHernández Garnica, Clotilde, _erevisora _942548 |
|
| 942 |
_2ddc _cBK |
||
| 999 |
_c15314 _d15314 |
||